00879nam a2200241Ia 4500003000400000005001700004008004100021020001500062040001800077041000800095082001800103100003100121245009500152250001200247260004400259300002800303650005400331650004200385650003400427942002600461999001900487952013100506OSt20251120114259.0210716s2003 xx 000 0 und d a812970210X cAIMIT LIBRARY aeng a005.761bMARG aMarakas, George M.9246286 aModern data warehousing mining and visualization: bcore concepts /cBy George M. Marakas. a1st ed. aNew Delhi :bPearson Education ,c2003. axiv,274 p.;bPBc23 cm. aDesigning and building the data warehouse9246287 aExecutive information systems9246288 aFuture of data mining9246289 2ddccBKk005.761 MARG c186364d186364 001040708MCAaAIMITbAIMITeSita Book Houseg195.00l0o005.761 MARGpMCA05872r2026-05-23 00:00:00v156.00w2021-07-16yBK